Пертская красавица: Роман. Для средней школы

Bibliografske podrobnosti
Glavni avtor: Скотт В. Вальтер
Drugi avtorji: Вольпин Н. (переводчик), Пинский Л. (автор предисловия), Шишмарева Т. (иллюстратор)
Izvleček:Исключено из фонда НТБ ТПУ
Jezik:ruščina
Izdano: Москва, Изд-во детской литературы, 1958
Format: Knjiga
KOHA link:https://koha.lib.tpu.ru/cgi-bin/koha/opac-detail.pl?biblionumber=129530

MARC

LEADER 00000nam0a2200000 4500
001 129530
005 20231101220201.0
035 |a (RuTPU)RU\TPU\book\140194 
090 |a 129530 
100 |a 20080124d1958 d y0rusy5003 ca 
101 1 |a rus  |c eng 
102 |a RU 
105 |a a z 000ay 
200 1 |a Пертская красавица  |e Роман. Для средней школы  |f В. Скотт  |g пер. с англ. Н. Вольпин ; авт. предисл. Л. Пинский ; худож. Т. Шишмарева 
210 |a Москва  |c Изд-во детской литературы  |d 1958 
215 |a 463 с.  |c ил. 
333 |a Исключено из фонда НТБ ТПУ 
700 1 |a Скотт  |b В.  |c английский писатель  |f 1771-1832  |g Вальтер  |9 1830 
702 1 |a Вольпин  |b Н.  |4 730 
702 1 |a Пинский  |b Л.  |4 080 
702 1 |a Шишмарева  |b Т.  |4 440 
801 0 |a RU  |b RuMRKP  |c 19950704  |g psbo 
801 1 |a RU  |b 63413507  |c 20080124  |g PSBO 
801 2 |a RU  |b 63413507  |c 20220513  |g PSBO 
942 |c BK